00496nam a2200205Ia 4500003000400000005001700004008004100021020001800062040000700080041000800087082001700095100003200112245003800144250000700182260005000189300001300239365001300252650001700265650000800282OSt20230418163238.0210423s2011 xx 000 0 und d a9788171949274 cAL aeng a346.066 MAJA aMAJUMDAR (A K);KAPOOR (G K) aTaxmanns company law and practice a15 aNew DelhibTaxmann Publications Pvt Ltdc2011 a1250bPB b475cINR aBusiness Law aLaw